000 00809nam a2200205 a 4500
003 0
005 20250423105355.0
008 050809s19uu xx 00 eng d
050 _aPHS QK 861
_b.T37 2005
100 _aTarafder, Mehedi A. H.
245 _aTime of exposure to classical music and its effect on the growth of Lantana camara /
_cMehedi A. H. Tarafder
260 _aLas PiƱas City, Philippines :
_bSouthville International School and Colleges,
_c2005.
300 _a22 pages :
_billustrations ;
_c28 cm.
504 _aIncludes bibliographical references.
650 _2Library of Congress Subject Headings
_aPlants
_xEffect of music on.
650 _2Library of Congress Subject Headings
_aLantana camara
_vGrowth.
650 _aPlants
_vResponse to sound.
942 _2lcc
_cPASS
999 _c97309
_d97309